[Event "Caba Legislatura Cup"]
[Site "Caba"]
[Date "2018.04.13"]
[Round "7"]
[White "Blit, Jacques"]
[Black "Negri, Santiago"]
[Result "1/2-1/2"]
[WhiteElo "2374"]
[BlackElo "2156"]
[PlyCount "46"]
[EventDate "2018.04.06"]
[EventType "swiss"]
[EventRounds "9"]
[EventCountry "ARG"]
[SourceTitle "CBM 184 Extra"]
[Source "ChessBase"]
[SourceDate "2018.06.28"]
[SourceVersion "1"]
[SourceVersionDate "2018.06.28"]
[SourceQuality "1"]

1. e4 e5 2. Bc4 Nc6 3. f4 exf4 4. d4 Qh4+ 5. Kf1 g5 6. Nc3 d6 7. Nd5 Bg4 8. Nf3 0-0-0 9. b4 Bg7 10. c3 Qh5 11. Be2 f5 12. exf5 Nf6 13. Nxf6 Bxf6 14. h3 Bxf5 15. Qa4 g4 16. d5 gxf3 17. Bxf3 Bd3+ 18. Kg1 Qh4 19. dxc6 Qe1+ 20. Kh2 Qg3+ 21. Kg1 Bxc3 22. Qxa7 Qe1+ 23. Kh2 Qg3+ 1/2-1/2

[Event "Platense-ch"]
[Site "La Plata"]
[Date "2018.01.09"]
[Round "5"]
[White "Veliz, Ariel"]
[Black "Negri, Santiago"]
[Result "1/2-1/2"]
[WhiteElo "1900"]
[BlackElo "2165"]
[PlyCount "128"]
[EventDate "2018.01.03"]
[EventType "swiss"]
[EventRounds "9"]
[EventCountry "ARG"]
[SourceTitle "EXT 2019"]
[Source "ChessBase"]
[SourceDate "2018.10.10"]
[SourceVersion "1"]
[SourceVersionDate "2018.10.10"]
[SourceQuality "1"]

1. c4 c6 2. Nc3 d5 3. d4 Nf6 4. Nf3 a6 5. cxd5 cxd5 6. Bf4 Nc6 7. e3 Bg4 8. h3 Bxf3 9. Qxf3 e6 10. Bd3 Bd6 11. 0-0 Bxf4 12. Qxf4 Qb8 13. Qxb8+ Rxb8 14. Na4 Nd7 15. Rac1 Rc8 16. Nc5 Nxc5 17. Rxc5 Kd7 18. Rfc1 f5 19. Kf1 g6 20. Ke2 Nb8 21. Rxc8 Rxc8 22. Rxc8 Kxc8 23. Kd2 Kc7 24. Be2 Nc6 25. Kc3 b5 26. a3 Kb6 27. b3 Ka5 28. Bf3 h5 29. h4 b4+ 30. axb4+ Nxb4 31. Be2 Nc6 32. f4 Na7 33. b4+ Kb6 34. Kb3 Nc8 35. Kc3 Nd6 36. Bd3 Kb7 37. Kb3 Ka7 38. Kc3 Kb6 39. Kb3 Ne8 40. Be2 Nf6 41. Bf3 Kc6 42. Kc3 Kb6 43. Kb3 Kc7 44. Kc2 Kb7 45. Kc3 Kb6 46. Kb3 Kb5 47. Be2+ Kb6 48. Bf3 Nd7 49. Ka4 Nb8 50. Be2 Nd7 51. Bf3 Nf6 52. Kb3 Ne8 53. Be2 Nd6 54. Bd3 a5 55. Ka4 axb4 56. Kxb4 Kc6 57. Kc3 Kc7 58. Kb3 Kb7 59. Kb4 Kb6 60. Ka4 Kc6 61. Kb4 Kb6 62. Ka4 Ne8 63. Be2 Nf6 64. Bf3 Ne8 1/2-1/2

[Event "ARG-ch Amateur U2300"]
[Site "Torre Blanca"]
[Date "2016.12.10"]
[Round "5.8"]
[White "Negri, Santiago"]
[Black "Postolski, Javier"]
[Result "1-0"]
[WhiteElo "2180"]
[BlackElo "1982"]
[PlyCount "65"]
[EventDate "2016.12.08"]
[EventType "swiss"]
[EventRounds "8"]
[EventCountry "ARG"]
[SourceTitle "EXT 2024"]
[Source "ChessBase"]
[SourceDate "2023.10.10"]
[SourceVersion "1"]
[SourceVersionDate "2023.10.10"]
[SourceQuality "1"]

1. e4 e6 2. d3 d5 3. Nd2 Ne7 4. Ngf3 g6 5. g3 Bg7 6. Bg2 c5 7. 0-0 Nbc6 8. Re1 a5 9. a4 b6 10. Nb1 dxe4 11. dxe4 Qxd1 12. Rxd1 Nd4 13. Nxd4 Bxd4 14. c3 Bg7 15. Rd6 Rb8 16. Na3 Ba6 17. Bf4 e5 18. Be3 Nc8 19. Rd2 0-0 20. Rad1 Bf6 21. Rd7 Be2 22. Rb1 Rd8 23. Rxd8+ Bxd8 24. Re1 Bg4 25. Nc4 Bc7 26. f3 Be6 27. Bf1 Kf8 28. Rd1 Ke7 29. f4 exf4 30. gxf4 Nd6 31. Nxd6 Bxd6 32. f5 Bb3 33. Rxd6 1-0

[Event "ARG-ch Amateur U2300"]
[Site "Torre Blanca"]
[Date "2016.12.08"]
[Round "1.8"]
[White "Negri, Santiago"]
[Black "Ferrara, Enzo"]
[Result "1-0"]
[WhiteElo "2180"]
[BlackElo "2031"]
[PlyCount "59"]
[EventDate "2016.12.08"]
[EventType "swiss"]
[EventRounds "8"]
[EventCountry "ARG"]
[SourceTitle "EXT 2024"]
[Source "ChessBase"]
[SourceDate "2023.10.10"]
[SourceVersion "1"]
[SourceVersionDate "2023.10.10"]
[SourceQuality "1"]

1. d4 f5 2. c4 Nf6 3. e3 e6 4. Bd3 d5 5. Nc3 c6 6. f3 Bb4 7. Nge2 0-0 8. 0-0 Qe7 9. Qc2 Kh8 10. e4 dxc4 11. Bxc4 e5 12. a3 Ba5 13. dxe5 Qxe5 14. b4 Bb6+ 15. Kh1 fxe4 16. Bf4 Qe7 17. Nxe4 Nxe4 18. fxe4 Re8 19. Rad1 Bc7 20. Bxc7 Qxc7 21. Qc3 Qe7 22. Rf7 Qg5 23. Rd3 Bg4 24. Rg3 h5 25. h3 Rd8 26. Nf4 Rd1+ 27. Kh2 Nd7 28. Rf5 Qh6 29. hxg4 hxg4+ 30. Rh5 1-0

[Event "Platense-ch"]
[Site "La Plata"]
[Date "2016.11.23"]
[Round "5.2"]
[White "Veliz, Ariel"]
[Black "Negri, Santiago"]
[Result "0-1"]
[WhiteElo "1769"]
[BlackElo "2173"]
[PlyCount "60"]
[EventDate "2016.11.15"]
[EventType "tourn"]
[EventRounds "10"]
[EventCountry "ARG"]
[SourceTitle "EXT 2024"]
[Source "ChessBase"]
[SourceDate "2023.10.10"]
[SourceVersion "1"]
[SourceVersionDate "2023.10.10"]
[SourceQuality "1"]

1. d4 d6 2. Nf3 Bg4 3. e3 Nf6 4. Be2 e6 5. c4 c6 6. Nc3 Nbd7 7. e4 Bxf3 8. Bxf3 g6 9. Bf4 e5 10. dxe5 dxe5 11. Be3 Bc5 12. Bxc5 Nxc5 13. 0-0 a5 14. Na4 Qxd1 15. Bxd1 Nfxe4 16. Nxc5 Nxc5 17. Re1 f6 18. Bc2 0-0-0 19. Re2 Rd4 20. b3 Rhd8 21. Rae1 Rd2 22. f4 exf4 23. h4 Rxe2 24. Rxe2 Kd7 25. Kf2 Ne6 26. h5 f5 27. Bb1 Ke7 28. h6 Kf6 29. Re1 Rd2+ 30. Kf3 g5 0-1

[Event "Platense-ch"]
[Site "La Plata"]
[Date "2016.11.17"]
[Round "3.1"]
[White "Torres, Sergio"]
[Black "Negri, Santiago"]
[Result "0-1"]
[WhiteElo "1999"]
[BlackElo "2173"]
[PlyCount "76"]
[EventDate "2016.11.15"]
[EventType "tourn"]
[EventRounds "10"]
[EventCountry "ARG"]
[SourceTitle "EXT 2024"]
[Source "ChessBase"]
[SourceDate "2023.10.10"]
[SourceVersion "1"]
[SourceVersionDate "2023.10.10"]
[SourceQuality "1"]

1. e4 e6 2. d4 d5 3. Nd2 c5 4. Ngf3 cxd4 5. Nxd4 Nc6 6. Nxc6 bxc6 7. Bd3 Nf6 8. 0-0 Bd6 9. Re1 Qc7 10. exd5 cxd5 11. Nf3 0-0 12. Bg5 e5 13. Bf1 e4 14. Bxf6 gxf6 15. Nh4 Be6 16. c4 Bxh2+ 17. Kh1 Rad8 18. Qh5 Qe5 19. Qxe5 Bxe5 20. cxd5 Rxd5 21. Rxe4 Rd2 22. Re2 Rxe2 23. Bxe2 Rb8 24. Rd1 Rxb2 25. Bf1 Rxa2 26. Kg1 a5 27. g3 a4 28. Rd8+ Kg7 29. Bc4 Bxc4 30. Nf5+ Kg6 31. Nh4+ Kh5 32. Rg8 Bd3 33. Kg2 Bd4 34. Kh3 Bf1+ 35. Ng2 Bxg2+ 36. Kxg2 Rxf2+ 37. Kh3 a3 38. g4+ Kh6 0-1

[Event "Pan American-ch U2300"]
[Site "Carilo Village"]
[Date "2016.10.25"]
[Round "1"]
[White "Negri, Santiago"]
[Black "Flores, Nancy"]
[Result "0-1"]
[WhiteElo "2173"]
[BlackElo "2044"]
[PlyCount "38"]
[EventDate "2016.10.25"]
[EventType "swiss"]
[EventRounds "9"]
[EventCountry "ARG"]
[SourceTitle "EXT 2022"]
[Source "ChessBase"]
[SourceDate "2021.10.06"]
[SourceVersion "1"]
[SourceVersionDate "2021.10.06"]
[SourceQuality "1"]

1. d4 Nf6 2. Nf3 g6 3. g3 Bg7 4. Bg2 0-0 5. 0-0 d5 6. c4 e6 7. Nc3 Nbd7 8. Bf4 Re8 9. Nb5 Ne4 10. Nxc7 e5 11. Nxe8 exf4 12. Nxg7 fxg3 13. hxg3 Kxg7 14. b3 Ndf6 15. Qc1 Ng4 16. Ne5 h5 17. Nxg4 Bxg4 18. f3 Nxg3 19. fxg4 Nxe2+ 0-1

[Event "Platense-ch qual"]
[Site "La Plata"]
[Date "2016.09.11"]
[Round "6.1"]
[White "Torres, Sergio"]
[Black "Negri, Santiago"]
[Result "1/2-1/2"]
[WhiteElo "2021"]
[BlackElo "2155"]
[PlyCount "90"]
[EventDate "2016.08.30"]
[EventType "swiss"]
[EventRounds "7"]
[EventCountry "ARG"]
[SourceTitle "EXT 2024"]
[Source "ChessBase"]
[SourceDate "2023.10.10"]
[SourceVersion "1"]
[SourceVersionDate "2023.10.10"]
[SourceQuality "1"]

1. e4 c5 2. Nf3 d6 3. Bc4 Nc6 4. d4 cxd4 5. c3 d3 6. Qxd3 Nf6 7. Bf4 g6 8. e5 Nh5 9. Bg5 dxe5 10. Qxd8+ Nxd8 11. Nxe5 a6 12. Be3 Bg7 13. Nf3 Be6 14. Nbd2 b5 15. Bd3 Bd7 16. 0-0 0-0 17. Rfe1 Nc6 18. Ne4 Rfd8 19. Nc5 Be8 20. Rad1 Nf6 21. Bc2 Nd7 22. Be4 Nxc5 23. Bxc5 e6 24. Nd4 Bxd4 25. Bxd4 f5 26. Bxc6 Bxc6 27. Rxe6 Rac8 28. Rde1 Re8 29. Re7 Rxe7 30. Rxe7 Re8 31. Rg7+ Kf8 32. f3 Re7 33. Rxe7 Kxe7 34. Kf2 Ke6 35. Ke3 g5 36. g3 Bd5 37. b3 a5 38. Bb6 a4 39. c4 bxc4 40. bxa4 c3 41. Kd3 Bxf3 42. Kxc3 Kd5 43. Bd8 f4 44. Bxg5 fxg3 45. hxg3 Kc6 1/2-1/2

[Event "Platense-ch qual"]
[Site "La Plata"]
[Date "2016.09.01"]
[Round "2.1"]
[White "Perez Grizia, Jorge Adrian"]
[Black "Negri, Santiago"]
[Result "0-1"]
[WhiteElo "1929"]
[BlackElo "2155"]
[PlyCount "50"]
[EventDate "2016.08.30"]
[EventType "swiss"]
[EventRounds "7"]
[EventCountry "ARG"]
[SourceTitle "EXT 2024"]
[Source "ChessBase"]
[SourceDate "2023.10.10"]
[SourceVersion "1"]
[SourceVersionDate "2023.10.10"]
[SourceQuality "1"]

1. Nf3 Nf6 2. d4 e6 3. e3 b6 4. a4 a6 5. Nbd2 Bb7 6. Bd3 c5 7. c3 Nc6 8. Qe2 d5 9. 0-0 Be7 10. Rd1 Qc7 11. dxc5 bxc5 12. e4 0-0 13. h3 Nh5 14. g3 Nf6 15. Re1 Rae8 16. e5 Nd7 17. Nf1 c4 18. Bc2 f6 19. Bf4 fxe5 20. Nxe5 Ncxe5 21. Bxe5 Nxe5 22. Qxe5 Qxe5 23. Rxe5 Bc5 24. Re2 Rxf2 25. Rxf2 Rf8 0-1

[Event "ARG-ch 86th"]
[Site "La Plata"]
[Date "2012.07.12"]
[Round "11"]
[White "Negri, Santiago"]
[Black "Pichot, Alan"]
[Result "0-1"]
[WhiteElo "2188"]
[BlackElo "2287"]
[PlyCount "72"]
[EventDate "2012.07.04"]
[EventType "swiss"]
[EventRounds "11"]
[EventCountry "ARG"]
[SourceTitle "CBM 149 Extra"]
[Source "ChessBase"]
[SourceDate "2012.08.24"]
[SourceVersion "1"]
[SourceVersionDate "2012.08.24"]
[SourceQuality "1"]

1. e4 c5 2. Nf3 e6 3. c3 Nf6 4. e5 Nd5 5. d4 cxd4 6. cxd4 Nc6 7. Bd3 d6 8. a3 h6 9. h4 Qc7 10. Qc2 dxe5 11. Nc3 Nxc3 12. bxc3 Bd6 13. Qe2 Bd7 14. 0-0 exd4 15. cxd4 Ne7 16. Bd2 Nd5 17. Ne5 Bxe5 18. dxe5 Bc6 19. Rfc1 Rd8 20. Bc4 0-0 21. a4 f6 22. Bxd5 Rxd5 23. exf6 Rxf6 24. a5 Qd7 25. Be3 Rg6 26. f3 Qd8 27. Qc2 Rf5 28. h5 Rg3 29. Bf2 Rfxf3 30. Bxg3 Rxg3 31. Rd1 Qg5 32. Ra2 Rxg2+ 33. Qxg2 Bxg2 34. Rxg2 Qxa5 35. Rd7 Qc5+ 36. Kf1 Qb5+ 0-1

[Event "ARG-ch 86th"]
[Site "La Plata"]
[Date "2012.07.05"]
[Round "2"]
[White "Ennis Marcos, Alan"]
[Black "Negri, Santiago"]
[Result "0-1"]
[WhiteElo "1623"]
[BlackElo "2188"]
[PlyCount "90"]
[EventDate "2012.07.04"]
[EventType "swiss"]
[EventRounds "11"]
[EventCountry "ARG"]
[SourceTitle "CBM 149 Extra"]
[Source "ChessBase"]
[SourceDate "2012.08.24"]
[SourceVersion "1"]
[SourceVersionDate "2012.08.24"]
[SourceQuality "1"]

1. d4 Nf6 2. c4 g6 3. Nc3 Bg7 4. e4 d6 5. Be2 c5 6. Nf3 cxd4 7. Nxd4 Nc6 8. Be3 0-0 9. 0-0 Bd7 10. f3 Nxd4 11. Bxd4 Bc6 12. Qd2 a5 13. Rfe1 Nd7 14. Be3 Nc5 15. Bf1 Qb6 16. Rad1 Rfc8 17. Kh1 Qb4 18. a3 Qb3 19. e5 Na4 20. Nxa4 Bxa4 21. Bd4 Bxe5 22. Ra1 Bxd4 23. Qxd4 Rc7 24. Re3 e5 25. Rxb3 exd4 26. Rb6 Rc6 27. Rxb7 Bc2 28. Kg1 Re8 29. b4 d3 30. Kf2 Kg7 31. Re1 d2 32. Rxe8 d1Q 33. Ree7 Qd4+ 34. Kg3 g5 35. Rxf7+ Kg6 36. Rxh7 a4 37. h4 Qe5+ 38. Kf2 Qd4+ 39. Kg3 Qe5+ 40. Kf2 gxh4 41. Rxh4 Rc8 42. Rbh7 Qb2 43. R4h6+ Kg5 44. Rh5+ Kg6 45. R5h6+ Kf5 0-1

[Event "Platense-ch"]
[Site "La Plata"]
[Date "2008.11.26"]
[Round "5"]
[White "Cirulli, Diego"]
[Black "Negri, Santiago"]
[Result "0-1"]
[WhiteElo "2074"]
[BlackElo "2124"]
[PlyCount "86"]
[EventDate "2008.11.12"]
[EventType "tourn"]
[EventRounds "9"]
[EventCountry "ARG"]
[SourceTitle "EXT 2019"]
[Source "ChessBase"]
[SourceDate "2018.10.10"]
[SourceVersion "1"]
[SourceVersionDate "2018.10.10"]
[SourceQuality "1"]

1. d4 g6 2. Nf3 Nf6 3. c4 Bg7 4. Nc3 0-0 5. Bf4 d6 6. e3 Nc6 7. h3 h6 8. Be2 Nd7 9. Bg3 e5 10. Nd5 f5 11. Qd2 g5 12. 0-0-0 exd4 13. exd4 Nf6 14. Nxf6+ Qxf6 15. d5 Ne7 16. Nd4 f4 17. Bh2 c5 18. Nb5 Nf5 19. Nc3 Nd4 20. Bd3 b5 21. h4 Bf5 22. hxg5 hxg5 23. cxb5 a6 24. bxa6 c4 25. Be4 Rxa6 26. f3 Rxa2 27. Kb1 Ra1+ 28. Kxa1 Nb3+ 29. Kb1 Nxd2+ 30. Rxd2 Rb8 31. Rc1 Qg6 32. Re2 Rb3 33. Bg1 Bxe4+ 34. Rxe4 Qf5 35. Bf2 Bxc3 36. Rxc3 Rxc3 37. bxc3 Qxd5 38. Bd4 Kf7 39. Kc2 Qb5 40. Re2 Qb3+ 41. Kd2 Qb1 42. Re1 Qd3+ 43. Kc1 Kg6 0-1

[Event "ARG-ch sf 83rd"]
[Site "Buenos Aires"]
[Date "2008.07.24"]
[Round "4"]
[White "Di Benedetto, Guillermo"]
[Black "Negri, Santiago"]
[Result "1-0"]
[WhiteElo "2300"]
[BlackElo "2133"]
[PlyCount "69"]
[EventDate "2008.07.21"]
[EventType "swiss"]
[EventRounds "9"]
[EventCountry "ARG"]
[SourceTitle "CBM 125 Extra"]
[Source "ChessBase"]
[SourceDate "2008.09.01"]
[SourceVersion "1"]
[SourceVersionDate "2008.09.01"]
[SourceQuality "1"]

1. d4 Nf6 2. c4 g6 3. Nc3 Bg7 4. e4 d6 5. Nf3 0-0 6. Be2 e5 7. 0-0 a5 8. dxe5 dxe5 9. Qxd8 Rxd8 10. Bg5 Nbd7 11. Rfd1 Rf8 12. Nd5 c6 13. Ne7+ Kh8 14. Nxc8 Rfxc8 15. Nd2 Nc5 16. Be3 Ne6 17. c5 Rc7 18. Rac1 h5 19. f3 Nd7 20. Nc4 Kg8 21. Nd6 Rd8 22. Bc4 Ndf8 23. b3 Bf6 24. g3 g5 25. Nf5 Nd4 26. Bxd4 exd4 27. f4 gxf4 28. gxf4 Ne6 29. e5 Be7 30. Bxe6 fxe6 31. Nd6 Kh7 32. Rc2 Bf8 33. Rxd4 b6 34. cxb6 Rg7+ 35. Kf2 1-0

[Event "American Continental 03rd"]
[Site "Buenos Aires"]
[Date "2005.08.16"]
[Round "11"]
[White "Negri, Santiago"]
[Black "Tovillas, Daniel R"]
[Result "0-1"]
[WhiteElo "2104"]
[BlackElo "2310"]
[PlyCount "86"]
[EventDate "2005.08.06"]
[EventType "swiss"]
[EventRounds "11"]
[EventCountry "ARG"]
[SourceTitle "CBM 107 Extra"]
[Source "ChessBase"]
[SourceDate "2005.09.01"]
[SourceVersion "1"]
[SourceVersionDate "2005.09.01"]
[SourceQuality "1"]

1. e4 c5 2. c3 b6 3. d4 Bb7 4. Bd3 Nf6 5. Qe2 cxd4 6. cxd4 Nc6 7. Nf3 Nb4 8. Nc3 Nxd3+ 9. Qxd3 e6 10. Nd2 Be7 11. h4 0-0 12. h5 d6 13. Qe2 Rc8 14. f3 Nd7 15. Nf1 d5 16. e5 f5 17. f4 Rc4 18. Qd3 Ba6 19. Nd2 Rc8 20. Nf3 b5 21. a3 Nb6 22. b3 Qd7 23. Bd2 Rc7 24. Kf2 Rfc8 25. Rhc1 h6 26. Ne1 Qe8 27. Qf3 Qf8 28. a4 bxa4 29. Nxa4 Rxc1 30. Rxc1 Rxc1 31. Bxc1 Nxa4 32. bxa4 Bc4 33. Nc2 Qe8 34. a5 Qa4 35. Ne3 Qa2+ 36. Kg3 Ba6 37. Kh3 Qxa5 38. g4 Bd3 39. gxf5 Be4 40. Qg4 Qc3 41. Qg3 Qxc1 42. fxe6 Qh1+ 43. Kg4 g6 0-1

[Event "American Continental 03rd"]
[Site "Buenos Aires"]
[Date "2005.08.13"]
[Round "8"]
[White "Diaz, Genara"]
[Black "Negri, Santiago"]
[Result "0-1"]
[WhiteElo "2000"]
[BlackElo "2104"]
[PlyCount "97"]
[EventDate "2005.08.06"]
[EventType "swiss"]
[EventRounds "11"]
[EventCountry "ARG"]
[SourceTitle "CBM 107 Extra"]
[Source "ChessBase"]
[SourceDate "2005.09.01"]
[SourceVersion "1"]
[SourceVersionDate "2005.09.01"]
[SourceQuality "1"]

1. d4 Nf6 2. c4 c5 3. e3 e6 4. Nc3 cxd4 5. exd4 d5 6. Nf3 Bb4 7. Bd2 0-0 8. a3 Bxc3 9. Bxc3 dxc4 10. Bxc4 b6 11. 0-0 Bb7 12. Re1 Nbd7 13. Qd3 Nd5 14. Bd2 Qf6 15. Bg5 Qg6 16. Qxg6 hxg6 17. Rac1 Rfc8 18. Bd2 Nf8 19. Bb3 f6 20. h3 Kf7 21. Rxc8 Rxc8 22. Rc1 Rxc1+ 23. Bxc1 g5 24. Kf1 Ng6 25. Bxd5 Bxd5 26. Ke2 Bxf3+ 27. Kxf3 Nh4+ 28. Kg3 Nf5+ 29. Kf3 Nxd4+ 30. Ke4 Nf5 31. Bd2 Nh4 32. g3 Ng6 33. Bb4 Ke8 34. Kd4 Kd7 35. Kc4 Kc6 36. Kd4 a5 37. Bc3 Ne7 38. Kc4 Nc8 39. Kd4 Nd6 40. Bd2 e5+ 41. Kd3 Kd5 42. Be3 Nc4 43. Bc1 a4 44. Kc3 Kc5 45. Kd3 g4 46. Ke4 Nd6+ 47. Kd3 Nf5 48. Kc3 Nd4 49. Be3 0-1

[Event "American Continental 03rd"]
[Site "Buenos Aires"]
[Date "2005.08.08"]
[Round "3"]
[White "Negri, Santiago"]
[Black "Minaya Molano, Juan M"]
[Result "0-1"]
[WhiteElo "2104"]
[BlackElo "2255"]
[PlyCount "92"]
[EventDate "2005.08.06"]
[EventType "swiss"]
[EventRounds "11"]
[EventCountry "ARG"]
[SourceTitle "CBM 107 Extra"]
[Source "ChessBase"]
[SourceDate "2005.09.01"]
[SourceVersion "1"]
[SourceVersionDate "2005.09.01"]
[SourceQuality "1"]

1. e4 c5 2. c3 e6 3. Nf3 d5 4. exd5 Qxd5 5. d4 Nf6 6. Be3 cxd4 7. cxd4 Be7 8. Nc3 Qd8 9. Bd3 0-0 10. 0-0 b6 11. Qc2 Bb7 12. a3 Nc6 13. Rad1 Rc8 14. Rfe1 g6 15. Qe2 Qc7 16. Bb1 Rfd8 17. Ba2 Na5 18. Bg5 Nd5 19. Nb5 Qd7 20. Bxe7 Qxe7 21. Nxa7 Ra8 22. Nb5 Nf4 23. Qe5 Bxf3 24. gxf3 Qh4 25. Re4 Nh3+ 26. Kg2 Qxf2+ 27. Kxh3 Qxf3+ 28. Kh4 Nc6 29. Qf4 Qxd1 30. Nc7 Ra5 31. d5 Ne7 32. b4 Nf5+ 33. Kg5 f6+ 34. Kxf6 Rf8+ 35. Kxe6 Ng7+ 36. Ke7 Rxf4 37. d6+ Kh8 38. Rxf4 Re5+ 39. Ne6 Nf5+ 40. Rxf5 Rxf5 41. d7 Rf7+ 42. Kxf7 Qxd7+ 43. Kf6 Qd3 44. h4 Qf3+ 45. Ke7 Qxa3 46. Bd5 Qxb4+ 0-1